000 00290nam a22001337a 4500
008 170331b xxu||||| |||| 00| 0 eng d
020 _a9781560535416
041 _aeng
080 _23RD
_a617
100 _a8
101 _aSHM
245 _aORTHOPEDIC SECRETS
_cBROWN, D.E
942 _2udc
_cBK
999 _c9314
_d9314